000
00374nam a2200169 4500
999
_c
93572
_d
93572
003
NALT
005
20210325215548.0
008
170830b th ||||| |||| 00| 0 tha d
022
_a
16863720
040
_a
NALT
041
_a
tha
245
_a
จุลนิติ
850
_a
NALT
942
_2
lcc
_c
JNR
998
_a
จินตนา